| 000 | 00000nam 2200000zi 4500 |
| 001 | 9.940448 |
| 003 | CaOODSP |
| 005 | 20240725130955 |
| 006 | m o d f |
| 007 | cr cn||||||||| |
| 008 | 240711e201308##onc o f000 0 eng d |
| 040 | |aCaOODSP|beng|erda|cCaOODSP |
| 043 | |an-cn--- |
| 086 | 1 |aIN4-44/2013E-PDF |
| 245 | 00|aInternal audit report on corporate services : |blearning and development. |
| 246 | 37|aAudit report on: |bcorporate services - learning and development |
| 264 | 1|a[Ottawa] : |bOffice of the Superintendent of Financial Institutions Canada = Bureau du surintendant des institutions financières Canada, |cAugust 2013. |
| 300 | |a1 online resource (13 pages) |
| 336 | |atext|btxt|2rdacontent |
| 337 | |acomputer|bc|2rdamedia |
| 338 | |aonline resource|bcr|2rdacarrier |
| 500 | |aIssued also in French under title: Rapport d’audit interne des services intégrés : apprentissage et perfectionnement. |
| 610 | 20|aOffice of the Superintendent of Financial Institutions Canada|xPersonnel management|xAuditing. |
| 610 | 20|aOffice of the Superintendent of Financial Institutions Canada|xOfficials and employees|xTraining of|xAuditing. |
| 710 | 2 |aOffice of the Superintendent of Financial Institutions Canada, |eissuing body. |
| 775 | 08|tRapport d’audit interne des services intégrés : |w(CaOODSP)9.941024 |
| 856 | 40|qPDF|s464 KB|uhttps://publications.gc.ca/collections/collection_2024/bsif-osfi/IN4-44-2013-eng.pdf |